|
|
|
|
| LEADER |
00987nam a2200229 a 4500 |
| 001 |
3604486 |
| 008 |
710520s1970 pk 001 0 eng d |
| 010 |
|
|
|a 71932150
|
| 040 |
|
|
|a DLC
|c DLC
|d DLC
|
| 082 |
0 |
0 |
|a 343/.09549/1
|2 17
|
| 100 |
1 |
|
|a Kabir, Lutful.
|
| 245 |
1 |
0 |
|a Lectures on the Pakistan penal code,
|b with leading cases /
|c Lutfur Kabir
|
| 250 |
|
|
|a [1st ed.]
|
| 260 |
|
|
|a Dacca:
|b Law House,
|c 1970.
|
| 300 |
|
|
|a xxxi, 422 p.;
|c 22 cm.
|
| 541 |
1 |
|
|e 00013567
|
| 500 |
|
|
|a Running title: Pakistan penal code.
|
| 650 |
|
0 |
|a Criminal law
|z Pakistan.
|
| 852 |
4 |
|
|a Ayesha Abed Library
|j General Shelf.
|
| 999 |
|
|
|c 4791
|d 4791
|
| 952 |
|
|
|0 0
|1 0
|2 ddc
|4 0
|6 343_095491000000000_KAB
|7 0
|9 4600
|a BRACUL
|b BRACUL
|c GEN
|d 2009-10-22
|g 260.00
|l 7
|m 89
|o 343.095491 KAB
|p 3010013567
|r 2025-06-19
|s 2025-05-04
|t 1
|v 520.00
|w 2009-10-22
|y BK
|
| 952 |
|
|
|0 0
|1 0
|2 ddc
|4 0
|6 343_095491000000000_KAB
|7 0
|9 9227
|a BRACUL
|b BRACUL
|c GEN
|d 2010-04-15
|g 260.00
|l 6
|m 49
|o 343.095491 KAB
|p 3010013566
|r 2025-06-22
|s 2025-04-13
|t 2
|w 2010-04-15
|y BK
|